Anthology and bibliography of Niagara Falls (Record no. 6003)

MARC details
000 -CABECERA
campo de control de longitud fija 00801nam a2200241 a 4500
001 - NÚMERO DE CONTROL
campo de control BRCA_6317
005 - FECHA Y HORA DE LA ÚLTIMA TRANSACCIÓN
campo de control 20190320205418.0
008 - DATOS DE LONGITUD FIJA--INFORMACIÓN GENERAL
campo de control de longitud fija 080811s1921----nyuac#####---#000-0#eng-#
041 ## - CÓDIGO DE LENGUA
Código de lengua del texto/banda sonora o título independiente eng
044 ## - CÓDIGO DEL PAÍS DE LA ENTIDAD EDITORA/PRODUCTORA
Código MARC del país hyu
050 #4 - SIGNATURA TOPOGRÁFICA DE LA BIBLIOTECA DEL CONGRESO
Número de clasificación F127
Número de documento/Ítem .N8 D55
-- 1921
100 1# - ENTRADA PRINCIPAL--NOMBRE DE PERSONA
Nombre de persona Dow, Charles M.
Fechas asociadas al nombre 1854-1920.
Forma completa/desarrollada del nombre (Charles Mason)
9 (RLIN) 15849
245 10 - MENCIÓN DE TÍTULO
Título Anthology and bibliography of Niagara Falls
Mención de responsabilidad, etc. by Charles Mason Dow.
260 ## - PUBLICACIÓN, DISTRIBUCIÓN, ETC.
Lugar de publicación, distribución, etc. Albany, Nueva York
Nombre del editor, distribuidor, etc. J.B. Lyon
Fecha de publicación, distribución, etc. 1921
300 ## - DESCRIPCIÓN FÍSICA
Extensión 2 v.
Otras características físicas il. (algunas a color), retratos, mapas
Dimensiones 23 cm.
500 ## - NOTA GENERAL
Nota general Incluye índice alfabético
500 ## - NOTA GENERAL
Nota general K178
651 #4 - PUNTO DE ACCESO ADICIONAL DE MATERIA--NOMBRE GEOGRÁFICO
Nombre geográfico Niágara, Cataratas del
Subdivisión general Descripción
9 (RLIN) 15850
651 #4 - PUNTO DE ACCESO ADICIONAL DE MATERIA--NOMBRE GEOGRÁFICO
Nombre geográfico Niágara, Cataratas del
Subdivisión de forma Bibliografía
9 (RLIN) 15851
651 #4 - PUNTO DE ACCESO ADICIONAL DE MATERIA--NOMBRE GEOGRÁFICO
Nombre geográfico América del Norte
Subdivisión general Descripción y viajes
9 (RLIN) 14860
902 ## - CATALOGADOR
Iniciales GFM
942 ## - ELEMENTOS DE PUNTO DE ACCESO ADICIONAL (KOHA)
Fuente del sistema de clasificación o colocación Library of Congress Classification
Tipo de ítem Koha Libros
Holdings
Estado de retiro Estado de pérdida Estado dañado No para préstamo Localización permanente Ubicación/localización actual Fecha de adquisición Número de inventario Total de préstamos Signatura topográfica completa Código de barras Fecha visto por última vez Precio válido a partir de Tipo de ítem Koha
El ejemplar forma parte de la colección y puede ser consultado según las políticas vigentes.       Biblioteca del Museo Franz Mayer (Rogerio Casas-Alatriste) Biblioteca del Museo Franz Mayer (Rogerio Casas-Alatriste) 08/08/2011 K178   F127 .N8 D55 1921 (K178) 6756 22/03/2019 22/03/2019 Libros